<?xml version="1.0" encoding="UTF-8"?>
<record
    xmlns:xsi="http://www.w3.org/2001/XMLSchema-instance"
    xsi:schemaLocation="http://www.loc.gov/MARC21/slim http://www.loc.gov/standards/marcxml/schema/MARC21slim.xsd"
    xmlns="http://www.loc.gov/MARC21/slim">

  <leader>00497nam a2200181   4500</leader>
  <controlfield tag="003">SEACOMMC</controlfield>
  <controlfield tag="005">20250425130609.0</controlfield>
  <controlfield tag="008">241125b        |||||||| |||| 00| 0 eng d</controlfield>
  <datafield tag="020" ind1=" " ind2=" ">
    <subfield code="a">978-0-07-462250-6</subfield>
    <subfield code="c">385.00</subfield>
  </datafield>
  <datafield tag="040" ind1=" " ind2=" ">
    <subfield code="a">SEACOMMC</subfield>
  </datafield>
  <datafield tag="082" ind1=" " ind2=" ">
    <subfield code="a"> 616.895</subfield>
    <subfield code="b">M 847</subfield>
  </datafield>
  <datafield tag="100" ind1=" " ind2=" ">
    <subfield code="a"> Morgan,Clifford T.</subfield>
  </datafield>
  <datafield tag="245" ind1="1" ind2=" ">
    <subfield code="a">Introduction to Psychology</subfield>
    <subfield code="c"> Clifford T. Morgan[and] Richard A.  King</subfield>
  </datafield>
  <datafield tag="250" ind1=" " ind2=" ">
    <subfield code="a">7th ed.</subfield>
  </datafield>
  <datafield tag="260" ind1=" " ind2=" ">
    <subfield code="a">New Delhi</subfield>
    <subfield code="b"> Mc Graw Hill </subfield>
    <subfield code="c"> 2006</subfield>
  </datafield>
  <datafield tag="650" ind1=" " ind2=" ">
    <subfield code="a"> Psychology</subfield>
  </datafield>
  <datafield tag="942" ind1=" " ind2=" ">
    <subfield code="c">BOOK</subfield>
  </datafield>
  <datafield tag="952" ind1=" " ind2=" ">
    <subfield code="0">0</subfield>
    <subfield code="1">0</subfield>
    <subfield code="2">ddc</subfield>
    <subfield code="4">0</subfield>
    <subfield code="7">0</subfield>
    <subfield code="a">SEACOMMC</subfield>
    <subfield code="b">SEACOMMC</subfield>
    <subfield code="c">REF</subfield>
    <subfield code="d">2007-11-21</subfield>
    <subfield code="l">0</subfield>
    <subfield code="o"> 616.895 M 847</subfield>
    <subfield code="p">M-996</subfield>
    <subfield code="r">2024-11-25 11:53:58</subfield>
    <subfield code="w">2024-11-25</subfield>
    <subfield code="y">BOOK</subfield>
  </datafield>
  <datafield tag="952" ind1=" " ind2=" ">
    <subfield code="0">0</subfield>
    <subfield code="1">0</subfield>
    <subfield code="2">ddc</subfield>
    <subfield code="4">0</subfield>
    <subfield code="7">0</subfield>
    <subfield code="a">SEACOMMC</subfield>
    <subfield code="b">SEACOMMC</subfield>
    <subfield code="d">2007-11-21</subfield>
    <subfield code="l">0</subfield>
    <subfield code="o"> 616.895 M 847</subfield>
    <subfield code="p">M-997</subfield>
    <subfield code="r">2024-11-25 11:54:28</subfield>
    <subfield code="t">1</subfield>
    <subfield code="w">2024-11-25</subfield>
    <subfield code="y">BOOK</subfield>
  </datafield>
  <datafield tag="952" ind1=" " ind2=" ">
    <subfield code="0">0</subfield>
    <subfield code="1">0</subfield>
    <subfield code="2">ddc</subfield>
    <subfield code="4">0</subfield>
    <subfield code="7">0</subfield>
    <subfield code="a">SEACOMMC</subfield>
    <subfield code="b">SEACOMMC</subfield>
    <subfield code="d">2007-11-21</subfield>
    <subfield code="l">0</subfield>
    <subfield code="o"> 616.895 M 847</subfield>
    <subfield code="p">M-998</subfield>
    <subfield code="r">2024-11-25 11:54:28</subfield>
    <subfield code="t">2</subfield>
    <subfield code="w">2024-11-25</subfield>
    <subfield code="y">BOOK</subfield>
  </datafield>
  <datafield tag="952" ind1=" " ind2=" ">
    <subfield code="0">0</subfield>
    <subfield code="1">0</subfield>
    <subfield code="2">ddc</subfield>
    <subfield code="4">0</subfield>
    <subfield code="7">0</subfield>
    <subfield code="a">SEACOMMC</subfield>
    <subfield code="b">SEACOMMC</subfield>
    <subfield code="d">2007-11-21</subfield>
    <subfield code="l">0</subfield>
    <subfield code="o"> 616.895 M 847</subfield>
    <subfield code="p">M-999</subfield>
    <subfield code="r">2024-11-25 11:54:28</subfield>
    <subfield code="t">3</subfield>
    <subfield code="w">2024-11-25</subfield>
    <subfield code="y">BOOK</subfield>
  </datafield>
  <datafield tag="952" ind1=" " ind2=" ">
    <subfield code="0">0</subfield>
    <subfield code="1">0</subfield>
    <subfield code="2">ddc</subfield>
    <subfield code="4">0</subfield>
    <subfield code="7">0</subfield>
    <subfield code="a">SEACOMMC</subfield>
    <subfield code="b">SEACOMMC</subfield>
    <subfield code="d">2007-11-21</subfield>
    <subfield code="l">0</subfield>
    <subfield code="o"> 616.895 M 847</subfield>
    <subfield code="p">M-1000</subfield>
    <subfield code="r">2024-11-25 11:54:28</subfield>
    <subfield code="t">4</subfield>
    <subfield code="w">2024-11-25</subfield>
    <subfield code="y">BOOK</subfield>
  </datafield>
  <datafield tag="999" ind1=" " ind2=" ">
    <subfield code="c">790</subfield>
    <subfield code="d">790</subfield>
  </datafield>
</record>
